Manual de instrucciones para observaciones oceanográficas. /
Guardado en:
| Autor Corporativo: | |
|---|---|
| Formato: | Libro |
| Idioma: | Spanish |
| Publicado: |
Buenos Aires,
1958.
|
| Series: | H., 601
|
| Etiquetas: |
Agregar Etiqueta
Sin Etiquetas, Sea el primero en etiquetar este registro!
|
| LEADER | 00533nam a22001455a 4500 | ||
|---|---|---|---|
| 001 | EUN.um021397 | ||
| 008 | 041125s1958####ag############000#0#spa#d | ||
| 005 | 20080227151658.0 | ||
| 245 | 1 | 0 | |a Manual de instrucciones para observaciones oceanográficas. / |c Secretaría de Marina. Servicio de Hidrografía Naval. |
| 260 | |a Buenos Aires, |c 1958. | ||
| 300 | |a 222 p. | ||
| 490 | 0 | |a H., 601 | |
| 110 | 2 | |a Secretaría de Marina. Servicio de Hidrografía Naval |c Argentina. | |
| 082 | 0 | 4 | |a 551.464 |
| 859 | |a Ar-BaUNS |b BIB. CENTRAL - Sector C |h 551.464 |i Ar37 |p 54825/970 | ||
